Rural Californian.

Bibliographic Details
New Title:California cultivator
Previous Title:Semi-tropic California
Format: Journal
Language:English
Published: Los Angeles : Rural Californian
Subjects:

MARC

Tag First Indicator Second Indicator Subfields
LEADER 00000cas a2200000 a 4500
001 in00004743521
008 841109d18821914caumr p 0 a0eng d
005 20230920184329.9
035 |a (OCoLC)ocm11367721 
040 |a VXG  |b eng  |c VXG  |d OCL  |d OCLCQ  |d CRU  |d OCLCQ  |d OCLCF  |d OCLCO  |d OCLCQ  |d AGL  |d JTB  |d OCLCQ  |d OCLCO 
035 |a (OCoLC)11367721 
043 |a n-us-ca 
050 1 4 |a S1  |b .R83 
245 0 0 |a Rural Californian. 
264 1 |a Los Angeles :  |b Rural Californian 
300 |a volumes :  |b illustrations ;  |c 30 cm 
336 |a text  |b txt  |2 rdacontent 
337 |a unmediated  |b n  |2 rdamedia 
338 |a volume  |b nc  |2 rdacarrier 
362 1 |a Began with vol. 1, no. 1 (November 1882) and ceased with: vol. 38, no. 6 (June 1914).  |z Cf. Union list of serials 
515 |a Vol. 1, no. 2 (December 1882) followed by vol. 6, no. 1 (January 1883) assuming the numbering of Semi-tropic California 
588 0 |a Vol. 25, no. 5 (May 1902); title from cover. 
650 0 |a Agriculture  |z California  |v Periodicals. 
650 7 |a Agriculture.  |2 fast  |0 (OCoLC)fst00801355 
651 7 |a California.  |2 fast  |0 (OCoLC)fst01204928 
655 2 |a Periodical 
655 7 |a Periodicals.  |2 fast  |0 (OCoLC)fst01411641 
655 7 |a Periodicals.  |2 lcgft 
776 0 8 |i Online version:  |t Rural Californian  |w (OCoLC)952126450 
780 0 0 |t Semi-tropic California  |w (OCoLC)369363961 
785 0 4 |t California cultivator  |w (OCoLC)1552538 
936 |a May 1902 
994 |a Z0  |b TXA 
948 |h HELD BY TXA - 19 OTHER HOLDINGS 
999 f f |s 385bca7d-1ec0-4147-851e-95bcd432c439  |i 9a4e52d8-d3c5-4a8a-8ee7-743452ca40f3  |t 0 
952 f f |p noncirc  |a Texas A&M University  |b College Station  |c Cushing Memorial Library & Archives  |d Cushing: Dykes (Does not check out)  |t 0  |e S1 .R83  |h Library of Congress classification  |i unmediated -- volume  |k v.14:no.9  |l 1891:Sept.  |m A1485297598P 
998 f f |a S1 .R83  |s v.14:no.9 (1891:Sept.)  |t 0  |l Cushing: Dykes (Does not check out)